|
|
|
|
| LEADER |
01073nam a2200349 4500 |
| 001 |
DLU090094518 |
| 005 |
##20091201 |
| 040 |
# |
# |
|a DLU
|b eng
|
| 041 |
# |
# |
|a eng
|
| 044 |
# |
# |
|a us
|
| 245 |
# |
# |
|a Nonbiological removal of cis-dichloroethylene and 1,1-dichloroethylene in aquifer sediment containing magnetite /
|c Mark L. Ferrey ... [et al.].
|
| 653 |
# |
# |
|a Dechlorination
|
| 653 |
# |
# |
|a Magnetite
|
| 653 |
# |
# |
|a Minnesota
|
| 653 |
# |
# |
|a Optical microscopy
|
| 653 |
# |
# |
|a Organic compounds
|
| 653 |
# |
# |
|a Sediment water interaction
|
| 653 |
# |
# |
|a X ray diffraction
|
| 700 |
# |
# |
|a Ferrey, Mark L.
|
| 700 |
# |
# |
|a Ford, Robert G.
|
| 700 |
# |
# |
|a Wilkin, Richard T.
|
| 700 |
# |
# |
|a Wilson, John T.
|
| 773 |
# |
# |
|t Environmental Science & Technology
|g Vol. 38, no. 6 (March 2004), p. 1746-1752
|
| 920 |
# |
# |
|a Phòng Tạp chí -- Trung tâm Thông tin - Thư viện Trường Đại học Đà Lạt
|
| 994 |
# |
# |
|a DLU
|
| 900 |
# |
# |
|a True
|
| 911 |
# |
# |
|a Trương Bảo Trâm Anh
|
| 925 |
# |
# |
|a G
|
| 926 |
# |
# |
|a A
|
| 927 |
# |
# |
|a BB
|
| 980 |
# |
# |
|a Thư viện Trường Đại học Đà Lạt
|